[Event "GER OS-319 email"]
[Site "GER email"]
[Date "2017.05.08"]
[Round "?"]
[White "Goebel, Martin"]
[Black "Angermann, Immo Frank"]
[Result "0-1"]
[WhiteElo "1348"]
[BlackElo "1756"]
[PlyCount "44"]
[EventDate "2017.05.12"]
[EventType "tourn (corr)"]
[EventRounds "6"]
[EventCountry "GER"]
[SourceTitle "Corr 2020"]
[Source "ChessBase"]
[SourceDate "2019.09.30"]
[SourceVersion "1"]
[SourceVersionDate "2019.09.30"]
[SourceQuality "1"]

1. d4 Nf6 2. Nc3 g6 3. Bg5 Bg7 4. f3 d6 5. e4 0-0 6. Qd2 c5 7. d5 a6 8. Bh6 Nbd7 9. Nge2 b5 10. a3 Bxh6 11. Qxh6 Qa5 12. 0-0-0 Ne5 13. h4 b4 14. Nb1 Rb8 15. h5 bxa3 16. Nxa3 Qb4 17. hxg6 fxg6 18. Nf4 Qxb2+ 19. Kd2 Qxa3 20. Ne6 Bxe6 21. f4 Nxe4+ 22. Ke1 Qc3+ 0-1

[Event "GER OS-319 email"]
[Site "GER email"]
[Date "2017.05.08"]
[Round "?"]
[White "Pelzer, Martin"]
[Black "Goebel, Martin"]
[Result "1-0"]
[WhiteElo "1835"]
[BlackElo "1348"]
[PlyCount "29"]
[EventDate "2017.05.12"]
[EventType "tourn (corr)"]
[EventRounds "6"]
[EventCountry "GER"]
[SourceTitle "Corr 2020"]
[Source "ChessBase"]
[SourceDate "2019.09.30"]
[SourceVersion "1"]
[SourceVersionDate "2019.09.30"]
[SourceQuality "1"]

1. Nf3 d6 2. d4 g6 3. e4 Bg7 4. Bc4 e6 5. Bb3 Nd7 6. 0-0 Ngf6 7. e5 dxe5 8. dxe5 Ng4 9. Bg5 f6 10. exf6 Ndxf6 11. Qxd8+ Kxd8 12. Nc3 h6 13. Rad1+ Ke7 14. Bd2 Bd7 15. h3 1-0

[Event "GER OS-300 email"]
[Site "GER email"]
[Date "2016.08.12"]
[Round "?"]
[White "Gebauer, Klaus"]
[Black "Goebel, Martin"]
[Result "1-0"]
[WhiteElo "1502"]
[BlackElo "1348"]
[PlyCount "67"]
[EventDate "2016.08.17"]
[EventType "tourn (corr)"]
[EventRounds "6"]
[EventCountry "GER"]
[SourceTitle "Corr 2020"]
[Source "ChessBase"]
[SourceDate "2019.09.30"]
[SourceVersion "1"]
[SourceVersionDate "2019.09.30"]
[SourceQuality "1"]

1. d4 d6 2. Nf3 Bg4 3. Bf4 Nf6 4. h3 Bxf3 5. exf3 g6 6. Bb5+ Nbd7 7. 0-0 Bg7 8. Nc3 0-0 9. Re1 c6 10. Bc4 Nh5 11. Bg5 Qb6 12. Rxe7 Nhf6 13. b3 d5 14. Bxf6 Nxf6 15. Bf1 Rfe8 16. Na4 Qb4 17. Rxe8+ Rxe8 18. a3 Qd6 19. c3 Nd7 20. b4 b6 21. Ra2 Qf4 22. g3 Qd6 23. Re2 Rxe2 24. Qxe2 Qe6 25. Qa6 Qf5 26. Qc8+ Bf8 27. Qxc6 Nf6 28. Bg2 Kg7 29. Qb7 Qb1+ 30. Bf1 Qb3 31. Qxa7 Qxa3 32. Qa6 h5 33. Qb5 Bd6 34. Nxb6 1-0

[Event "GER OS-299 email"]
[Site "GER email"]
[Date "2016.08.01"]
[Round "?"]
[White "Goebel, Martin"]
[Black "Buchmann, Hans Peter"]
[Result "0-1"]
[WhiteElo "1391"]
[BlackElo "1595"]
[PlyCount "38"]
[EventDate "2016.08.08"]
[EventType "tourn (corr)"]
[EventRounds "6"]
[EventCountry "GER"]
[SourceTitle "Corr 2022"]
[Source "ChessBase"]
[SourceDate "2021.10.24"]
[SourceVersion "1"]
[SourceVersionDate "2021.10.24"]
[SourceQuality "1"]

1. e4 e5 2. Nf3 Nc6 3. Bb5 a6 4. Bxc6 dxc6 5. Nc3 f6 6. 0-0 Bg4 7. h3 Bh5 8. d3 Bd6 9. Qe2 c5 10. b3 b6 11. Bb2 Ne7 12. Qe3 Nc6 13. Nd5 Nd4 14. Nxd4 cxd4 15. Qg3 0-0 16. Qh4 Bf7 17. f4 h5 18. fxe5 Bxe5 19. Nf4 g5 0-1

[Event "GER OS-299 email"]
[Site "GER email"]
[Date "2016.08.01"]
[Round "?"]
[White "Goebel, Martin"]
[Black "Gottsmann, Lothar"]
[Result "0-1"]
[WhiteElo "1391"]
[BlackElo "1402"]
[PlyCount "48"]
[EventDate "2016.08.08"]
[EventType "tourn (corr)"]
[EventRounds "6"]
[EventCountry "GER"]
[SourceTitle "Corr 2022"]
[Source "ChessBase"]
[SourceDate "2021.10.24"]
[SourceVersion "1"]
[SourceVersionDate "2021.10.24"]
[SourceQuality "1"]

1. e4 c5 2. Nf3 d6 3. Nc3 Nf6 4. Bb5+ Bd7 5. Bxd7+ Nbxd7 6. 0-0 e5 7. d3 Be7 8. Bg5 0-0 9. Qd2 Re8 10. Nh4 Nd5 11. Bxe7 Nxe7 12. Nf3 h6 13. Nb5 Nf6 14. h3 a6 15. Nc3 Nh5 16. Ne2 Nc6 17. a3 d5 18. exd5 Qxd5 19. Nc3 Qe6 20. Rfe1 Rad8 21. Qe3 b6 22. Re2 Nf4 23. Ree1 Qg6 24. Qe4 Qxg2# 0-1

[Event "GER OS-244 email"]
[Site "GER email"]
[Date "2014.06.11"]
[Round "?"]
[White "Goebel, Martin"]
[Black "Wich, Manfred"]
[Result "1/2-1/2"]
[WhiteElo "1363"]
[BlackElo "1431"]
[PlyCount "35"]
[EventDate "2014.06.20"]
[EventType "tourn (corr)"]
[EventRounds "6"]
[EventCountry "GER"]
[SourceTitle "Corr 2020"]
[Source "ChessBase"]
[SourceDate "2019.09.30"]
[SourceVersion "1"]
[SourceVersionDate "2019.09.30"]
[SourceQuality "1"]

1. e4 e5 2. Nf3 Nc6 3. Bb5 a6 4. Bxc6 dxc6 5. 0-0 f6 6. Nc3 Bd6 7. d3 Ne7 8. Be3 0-0 9. Qd2 c5 10. h3 Be6 11. Qe2 b5 12. a3 Nc6 13. Nd2 Nd4 14. Bxd4 cxd4 15. Nd1 c6 16. c3 Qe8 17. f3 h5 18. b4 1/2-1/2

[Event "GER OS-244 email"]
[Site "GER email"]
[Date "2014.06.11"]
[Round "?"]
[White "Vieth, Martin"]
[Black "Goebel, Martin"]
[Result "1-0"]
[WhiteElo "1951"]
[BlackElo "1363"]
[PlyCount "27"]
[EventDate "2014.06.20"]
[EventType "tourn (corr)"]
[EventRounds "6"]
[EventCountry "GER"]
[SourceTitle "Corr 2020"]
[Source "ChessBase"]
[SourceDate "2019.09.30"]
[SourceVersion "1"]
[SourceVersionDate "2019.09.30"]
[SourceQuality "1"]

1. e4 d6 2. Nf3 Bg4 3. h3 Bxf3 4. Qxf3 Nd7 5. d4 Ngf6 6. Qb3 c5 7. e5 dxe5 8. dxe5 Nxe5 9. Qxb7 e6 10. Bb5+ Ned7 11. Bf4 Qc8 12. Bc6 Be7 13. Qxa8 e5 14. Qxc8+ 1-0

[Event "GER OS-243 email"]
[Site "GER email"]
[Date "2014.05.15"]
[Round "?"]
[White "Wich, Manfred"]
[Black "Goebel, Martin"]
[Result "1/2-1/2"]
[WhiteElo "1501"]
[BlackElo "1363"]
[PlyCount "46"]
[EventDate "2014.05.26"]
[EventType "tourn (corr)"]
[EventRounds "6"]
[EventCountry "GER"]
[SourceTitle "Corr 2015"]
[Source "ChessBase"]
[SourceDate "2015.07.17"]
[SourceVersion "1"]
[SourceVersionDate "2015.07.17"]
[SourceQuality "1"]

1. d4 d6 2. c4 c6 3. Nc3 g6 4. e4 Bg7 5. Nf3 Bg4 6. Be2 Nd7 7. 0-0 Qc7 8. Be3 Ngf6 9. h3 Bxf3 10. Bxf3 0-0 11. Rc1 e5 12. d5 c5 13. Nb5 Qb6 14. Bg4 a6 15. Nc3 Qxb2 16. Rc2 Qb6 17. Be2 Qc7 18. Qd2 Nb6 19. Rb2 Nfd7 20. a4 f5 21. exf5 Rxf5 22. a5 Nc8 23. Rfb1 Rb8 1/2-1/2